000 00550nam a22001932 4500
001 0000002681
005 20170406114420.0
008 140326s xx 000 0 eng d
020 _a9789221064015 :
_c$
040 _aYour Holding Symbol
_cYour Holding Symbol
100 1 _aHedderwick,Karl.
245 1 0 _aFinancial and economic anaylysis of enterprises.
250 _a ed.
260 _aGeneva :
_bLabour office,
_c1988.
300 _a149 p. ;
_c cm.
504 _aindex.
650 0 _afinancial analysis.
908 _a140326
999 _c2567
_d2567